| 000 | 01739nam a2200349 a 4500 | ||
|---|---|---|---|
| 001 | 000012904 | ||
| 003 | DO-SdBNP | ||
| 005 | 20180307085653.0 | ||
| 007 | 000012904 | ||
| 008 | 091118s2002 dr ac 000 0 spa d | ||
| 020 | _a9993487325 | ||
| 040 |
_aBNPHU _bspa _cBNPHU |
||
| 092 |
_axxxx _bxxxx |
||
| 245 | 0 | 0 |
_aAntología literaria 1 : _beducación media / _cselección Manuel García Cartagena ; ilustración Ruddy Núñez. |
| 260 |
_aSanto Domingo : _bSantillana, _c2002. |
||
| 300 |
_a151 p. : _bil., retrs. ; _c28 cm. |
||
| 490 | 1 | _aUmbral | |
| 500 | _aLiteratura dominicana (siglos XVI-XIX) conectada con literatura española (siglos XIII-XIX). | ||
| 505 | 0 |
_g1er. curso/Primer ciclo _gUnidad 1 _tPrimeras letras de la española -- _gUnidad 2 _tUn siglo perdido -- _gUnidad 3 _tLos primeros escritores criollos de la Española -- _gUnidad 4 _tEl difícil tránsito hacia la República -- _gUnidad 5 _tLos fundadores -- _gUnidad 6 _tEl nacimiento de una tradición -- _gUnidad 7 _tEl nacimiento de una historia -- _gUnidad 8 _tEl anhelo de un cambio -- _gUnidad 9 _tTiempos nuevos -- _gUnidad 10 _tEntre la esencia y el artificio -- _gUnidad 11 _tVirtudes neoclásicas -- _gUnidad 12 _tPasión de libertad -- |
|
| 700 | 1 | _aGarcía Cartagena, Manuel, | |
| 700 | 1 | 2 |
_aNúñez, Ruddy , _4il. |
| 830 | 0 | _aUmbral | |
| 930 | 1 |
_lBND01 _mLF1 _820100210 _f01 _pCT _g7836 _hv. 3 |
|
| 930 | 1 |
_lBND01 _mLF1 _820091118 _f01 _pCT _g7836 _hv. 1 |
|
| 930 | 1 |
_lBND01 _mLF1 _820100210 _f01 _pCT _g7836 _hv. 2 |
|
| 942 |
_2ddc _cBK |
||
| 945 | _ainventariado, 2018 / dg | ||
| 956 |
_aDGARCIA _b10 _c20150806 _lBND01 _h1122 |
||
| 956 |
_aLOPEREZ _b10 _c20150807 _lBND01 _h1500 |
||
| 956 |
_aVMATEO _b10 _c20150813 _lBPMSU _h00151 |
||
| 956 |
_aLOPEREZ _b10 _c20160421 _lBPMSU _h00041 |
||
| 999 |
_c8191 _d8191 |
||